00436nam a2200181Ia 4500003000900000008004100009040001300050040001300063041000800076100001700084245007900101250001100180260002700191260000900218300001100227300001000238490000600248IT-RoPAU120407s9999 xx 000 0 und d aIT-RoPAU cIT-RoPAU aita aMartin Buber aL’eclissi di Dio. Considerazioni sul rapporto tra religione e filosofia. aMilano aEdizioni di Comunità c1961 a141 p. c20 cm v1